| 000 | 00377cam a2200157ua 4500 | ||
|---|---|---|---|
| 003 | OSt | ||
| 008 | 250802b |||||||| |||| 00| 0 eng d | ||
| 041 | _aeng | ||
| 082 |
_a625.7 _bDAW/HI |
||
| 100 |
_aDawson, Royal.F.G . _97647 |
||
| 245 | _aHighway engineer`s pocket book / | ||
| 250 | _a1 / | ||
| 260 |
_a : _bE & F.N.Spon Ltd , _c1950. |
||
| 300 | _a113 ; . | ||
| 942 | _cBK | ||
| 999 |
_c2212 _d2212 |
||